[Event "Pardubice Czech op-A 34th"]
[Site "Pardubice"]
[Date "2023.07.26"]
[Round "6"]
[White "Sopur, Lech"]
[Black "Nurmanova, Alua"]
[Result "1/2-1/2"]
[WhiteElo "2425"]
[BlackElo "2183"]
[PlyCount "104"]
[EventDate "2023.07.21"]
[EventType "swiss"]
[EventRounds "9"]
[EventCountry "CZE"]
[SourceTitle "CBM 215 Extra"]
[Source "ChessBase"]
[SourceDate "2023.09.30"]
[SourceVersion "1"]
[SourceVersionDate "2023.09.30"]
[SourceQuality "1"]

1. Nf3 Nf6 2. c4 g6 3. Nc3 Bg7 4. d4 0-0 5. Bf4 d6 6. e3 c5 7. d5 Nh5 8. Bg5 h6 9. Bh4 a6 10. a4 f5 11. Nd2 Nd7 12. Be2 Ndf6 13. f4 Ng4 14. Nf1 Bf6 15. Bxf6 Ngxf6 16. h3 e6 17. g4 Ng7 18. Rg1 Kh7 19. dxe6 Bxe6 20. Qc2 Qe7 21. 0-0-0 b5 22. cxb5 axb5 23. Bxb5 d5 24. Ng3 fxg4 25. hxg4 Bxg4 26. Rde1 Qf7 27. Bd3 Rac8 28. f5 g5 29. Qh2 h5 30. Bc2 Rb8 31. Nh1 d4 32. Nb5 dxe3 33. Rxe3 Kh6 34. Qg3 h4 35. Qg2 Qc4 36. Nf2 Qf4 37. Rge1 Rbe8 38. Nd3 Qxe3+ 39. Rxe3 Rxe3 40. Qc6 Nxf5 41. Qxc5 Rfe8 42. Nc3 h3 43. Nf2 R3e5 44. Qb6 R8e6 45. Qb8 Re8 46. Qb6 R8e6 47. Qb8 Re8 48. Qb7 R8e7 49. Qa8 Re8 50. Qc6 R8e6 51. Qb7 Re7 52. Qb6 R7e6 1/2-1/2

[Event "Pardubice Czech op-A 34th"]
[Site "Pardubice"]
[Date "2023.07.21"]
[Round "1"]
[White "Keetman, Maaike"]
[Black "Sopur, Lech"]
[Result "1/2-1/2"]
[WhiteElo "2125"]
[BlackElo "2425"]
[PlyCount "36"]
[EventDate "2023.07.21"]
[EventType "swiss"]
[EventRounds "9"]
[EventCountry "CZE"]
[SourceTitle "CBM 215 Extra"]
[Source "ChessBase"]
[SourceDate "2023.09.30"]
[SourceVersion "1"]
[SourceVersionDate "2023.09.30"]
[SourceQuality "1"]

1. e4 c5 2. Nf3 g6 3. d4 cxd4 4. Qxd4 Nf6 5. Nc3 Nc6 6. Qa4 d6 7. e5 dxe5 8. Nxe5 Bd7 9. Nxd7 Qxd7 10. Be3 Bg7 11. Rd1 Qc8 12. Be2 0-0 13. 0-0 a6 14. Qb3 Rb8 15. Na4 Na5 16. Qb4 Nc6 17. Qb3 Na5 18. Qb4 Nc6 1/2-1/2

[Event "CZE-chT2F 2223"]
[Site "Czech Republic"]
[Date "2023.02.05"]
[Round "8"]
[White "Sosna, Jan"]
[Black "Sopur, Lech"]
[Result "1/2-1/2"]
[WhiteElo "2297"]
[BlackElo "2419"]
[PlyCount "112"]
[EventDate "2022.10.16"]
[EventType "team-tourn"]
[EventRounds "11"]
[EventCountry "CZE"]
[SourceTitle "EXT 2024"]
[Source "ChessBase"]
[SourceDate "2023.10.10"]
[SourceVersion "1"]
[SourceVersionDate "2023.10.10"]
[SourceQuality "1"]
[WhiteTeam "Zlin"]
[BlackTeam "Cesky Tesin Slavoj"]
[WhiteTeamCountry "CZE"]
[BlackTeamCountry "CZE"]

1. d4 Nf6 2. Nf3 d5 3. Bf4 c5 4. e3 Nc6 5. Be2 cxd4 6. exd4 Bf5 7. c3 e6 8. Nbd2 Bd6 9. Bxd6 Qxd6 10. Nh4 Be4 11. f3 Bg6 12. 0-0 0-0-0 13. f4 Be4 14. g3 h6 15. Nhf3 Ne7 16. Ne5 Rhf8 17. Bd3 Nf5 18. Qe2 Bxd3 19. Nxd3 Qb6 20. a4 Nd6 21. b4 Qc7 22. Rfc1 Rfe8 23. Nc5 b6 24. Nd3 Kd7 25. c4 Ke7 26. cxd5 Qb7 27. dxe6 Kf8 28. Qf3 Rxe6 29. Qxb7 Nxb7 30. Nf3 Re3 31. Nde5 Nd5 32. b5 f6 33. Nc6 Rxf3 34. Nxd8 Nxd8 35. Rc8 Ke7 36. Ra8 Ne6 37. Rxa7+ Kd6 38. a5 bxa5 39. Ra6+ Kd7 40. Ra7+ Kd6 41. Ra6+ Kd7 42. R6xa5 Rb3 43. Ra8 Rxb5 44. R1a7+ Ndc7 45. Rg8 f5 46. h3 Rb1+ 47. Kf2 Rd1 48. Ra5 Rd2+ 49. Ke3 Rxd4 50. Rxg7+ Kd6 51. Rg6 Nd5+ 52. Kf2 Re4 53. Ra6+ Ke7 54. Ra7+ Nec7 55. Rc6 Kd7 56. Rxh6 Rc4 1/2-1/2

[Event "CZE-chT2F 2223"]
[Site "Czech Republic"]
[Date "2022.12.04"]
[Round "4"]
[White "Motuz, Karol"]
[Black "Sopur, Lech"]
[Result "1/2-1/2"]
[WhiteElo "2311"]
[BlackElo "2419"]
[PlyCount "117"]
[EventDate "2022.10.16"]
[EventType "team-tourn"]
[EventRounds "11"]
[EventCountry "CZE"]
[SourceTitle "EXT 2024"]
[Source "ChessBase"]
[SourceDate "2023.10.10"]
[SourceVersion "1"]
[SourceVersionDate "2023.10.10"]
[SourceQuality "1"]
[WhiteTeam "Vsetin"]
[BlackTeam "Cesky Tesin Slavoj"]
[WhiteTeamCountry "CZE"]
[BlackTeamCountry "CZE"]

1. d4 Nf6 2. c4 e6 3. Nf3 b6 4. e3 Bb7 5. Bd3 Bb4+ 6. Bd2 Qe7 7. 0-0 0-0 8. a3 Bxd2 9. Nbxd2 d6 10. Qc2 Nbd7 11. Rfe1 e5 12. Ng5 h6 13. Nge4 Rad8 14. Rad1 Rfe8 15. h3 d5 16. Nxf6+ Nxf6 17. cxd5 Nxd5 18. dxe5 Qxe5 19. Nf3 Qf6 20. Rd2 c5 21. Bb5 Rf8 22. Red1 Nc7 23. Be2 Ne6 24. Qa4 a6 25. Qb3 b5 26. a4 b4 27. a5 Rxd2 28. Rxd2 Rd8 29. Qd1 Rc8 30. Bc4 Ng5 31. Nxg5 Qxg5 32. Qg4 Qxg4 33. hxg4 Rc7 34. Rd8+ Kh7 35. Rd6 Kg8 36. Rd8+ Kh7 37. Rd6 Kg8 38. Kf1 Kf8 39. f3 Ke7 40. Rb6 Bc8 41. Ke1 Be6 42. Bxa6 Ra7 43. Rb7+ Rxb7 44. Bxb7 Kd6 45. e4 c4 46. a6 Kc7 47. Bd5 Kb6 48. Bxe6 fxe6 49. f4 Kxa6 50. e5 Kb6 51. f5 exf5 52. gxf5 Kc6 53. Kd2 Kd5 54. e6 Kd6 55. Ke3 g6 56. fxg6 Kxe6 57. Kd4 c3 58. bxc3 bxc3 59. Kxc3 1/2-1/2

[Event "CZE-chT2F 2223"]
[Site "Czech Republic"]
[Date "2022.11.20"]
[Round "3"]
[White "Straka, Jozef1111"]
[Black "Sopur, Lech"]
[Result "0-1"]
[WhiteElo "2326"]
[BlackElo "2419"]
[PlyCount "104"]
[EventDate "2022.10.16"]
[EventType "team-tourn"]
[EventRounds "11"]
[EventCountry "CZE"]
[SourceTitle "EXT 2024"]
[Source "ChessBase"]
[SourceDate "2023.10.10"]
[SourceVersion "1"]
[SourceVersionDate "2023.10.10"]
[SourceQuality "1"]
[WhiteTeam "Dobra Sokol"]
[BlackTeam "Cesky Tesin Slavoj"]
[WhiteTeamCountry "CZE"]
[BlackTeamCountry "CZE"]

1. d4 Nf6 2. c4 e6 3. Nc3 Bb4 4. e3 0-0 5. Bd3 c5 6. Nf3 d5 7. 0-0 cxd4 8. exd4 dxc4 9. Bxc4 b6 10. Bg5 Bb7 11. Rc1 Nc6 12. Bd3 h6 13. Be3 Ne7 14. a3 Bd6 15. Ne5 Ned5 16. Nc4 Bb8 17. Qe2 Nxc3 18. bxc3 b5 19. Nd2 Qd6 20. g3 a6 21. a4 bxa4 22. f3 Qe7 23. c4 Rd8 24. Ne4 Ne8 25. Nc5 Bc6 26. Be4 Bxe4 27. Nxe4 Ba7 28. Rfd1 Rab8 29. c5 Rb3 30. Bf4 Qb7 31. Kg2 Qc6 32. Rc2 Rd7 33. Ra2 Rdb7 34. h4 Bb8 35. Bxb8 Rxb8 36. Rdd2 R8b4 37. Nd6 Nxd6 38. cxd6 Qxd6 39. Qe4 f5 40. Qa8+ Rb8 41. Qa7 Qd5 42. Rf2 R8b4 43. Rac2 Rc4 44. Rce2 Qd6 45. Re5 Rxd4 46. Rxe6 Qxe6 47. Qxd4 a3 48. Rc2 Rb1 49. Qd2 Qb3 50. Rc8+ Kh7 51. Rc3 Qb2 52. Qxb2 axb2 0-1

[Event "POL-chT 2nd League"]
[Site "Jastrzebia Gora"]
[Date "2022.09.07"]
[Round "5.109"]
[White "Stanisz, Patryk"]
[Black "Sopur, Lech"]
[Result "0-1"]
[WhiteElo "2199"]
[BlackElo "2411"]
[PlyCount "148"]
[EventDate "2022.09.03"]
[EventType "team-swiss"]
[EventRounds "9"]
[EventCountry "POL"]
[SourceTitle "CBM 210 Extra"]
[Source "ChessBase"]
[SourceDate "2022.11.30"]
[SourceVersion "1"]
[SourceVersionDate "2022.11.30"]
[SourceQuality "1"]
[WhiteTeam "Zory Roszada"]
[BlackTeam "Lodz Okucia Budowlane"]
[WhiteTeamCountry "POL"]
[BlackTeamCountry "POL"]

1. d4 Nf6 2. c4 e6 3. g3 c5 4. Nf3 cxd4 5. Nxd4 Nc6 6. Bg2 Qb6 7. Nb5 Ne5 8. b3 a6 9. Be3 Qa5+ 10. Bd2 Qd8 11. N5c3 Be7 12. 0-0 0-0 13. Bf4 Qc7 14. Qd4 d6 15. c5 Nfd7 16. cxd6 Qxd6 17. Qxd6 Bxd6 18. Na4 Rb8 19. Rd1 Be7 20. Nbc3 b5 21. Rxd7 Nxd7 22. Bxb8 Nxb8 23. Nb6 Nd7 24. Nxd7 Bxd7 25. Rd1 Bc8 26. Bc6 f5 27. e3 Bf6 28. Ne2 Kf7 29. e4 g6 30. exf5 gxf5 31. f4 Ke7 32. Kf2 Rd8 33. Rxd8 Kxd8 34. Ke3 Kc7 35. Bf3 Kd6 36. b4 e5 37. fxe5+ Kxe5 38. Kd3 Be6 39. Nc1 Be7 40. Kc3 Kd6 41. a3 Bf6+ 42. Kc2 Bd4 43. Ne2 Be3 44. Kd3 Bg5 45. Nd4 Bd7 46. Kc2 Bc8 47. Ne2 Ke5 48. Bc6 Be7 49. Kc3 h5 50. h4 Be6 51. Be8 Bf6 52. Bxh5 Ke4+ 53. Kc2 Bd7 54. Nc3+ Kd4 55. Bg6 Be5 56. h5 Bg7 57. Bf7 Ke3 58. Bd5 Bc8 59. Nd1+ Ke2 60. Bc6 Bh6 61. Bd5 Ke1 62. Bf3 Be6 63. Bb7 f4 64. gxf4 Bf5+ 65. Kb3 Kxd1 66. Bxa6 Bc2+ 67. Ka2 Ba4 68. Bxb5 Bxb5 69. Kb3 Bd3 70. a4 Bc2+ 71. Ka3 Kc1 72. a5 Kb1 73. a6 Bxf4 74. b5 Bd6# 0-1

[Event "POL-chT 2nd League"]
[Site "Jastrzebia Gora"]
[Date "2022.09.06"]
[Round "4.126"]
[White "Sopur, Lech"]
[Black "Madej, Jaroslaw"]
[Result "1-0"]
[WhiteElo "2411"]
[BlackElo "2029"]
[PlyCount "63"]
[EventDate "2022.09.03"]
[EventType "team-swiss"]
[EventRounds "9"]
[EventCountry "POL"]
[SourceTitle "CBM 210 Extra"]
[Source "ChessBase"]
[SourceDate "2022.11.30"]
[SourceVersion "1"]
[SourceVersionDate "2022.11.30"]
[SourceQuality "1"]
[WhiteTeam "Lodz Okucia Budowlane"]
[BlackTeam "Krakow Cracovia"]
[WhiteTeamCountry "POL"]
[BlackTeamCountry "POL"]

1. Nf3 d5 2. g3 Nf6 3. Bg2 Bf5 4. c4 c6 5. cxd5 cxd5 6. Qb3 Qb6 7. Qxb6 axb6 8. Nc3 Bd7 9. d3 e6 10. Bf4 Be7 11. e4 Na6 12. 0-0 Nc5 13. Ne5 dxe4 14. dxe4 Bc6 15. Nxc6 bxc6 16. Rad1 Rc8 17. b4 Ncd7 18. b5 e5 19. Be3 Bc5 20. Bxc5 bxc5 21. Bh3 Rc7 22. Rd6 cxb5 23. Nxb5 Rb7 24. Rxf6 Rxb5 25. Rc6 Nf8 26. Rc8+ Ke7 27. Rd1 Ng6 28. Rc7+ Kf6 29. Rd6+ Kg5 30. Rxf7 Kh6 31. Rf5 Rb1+ 32. Kg2 1-0

[Event "POL-chT 2nd League"]
[Site "Jastrzebia Gora"]
[Date "2022.09.05"]
[Round "3.108"]
[White "Sopur, Lech"]
[Black "Zebracki, Tomasz"]
[Result "1/2-1/2"]
[WhiteElo "2411"]
[BlackElo "2209"]
[PlyCount "47"]
[EventDate "2022.09.03"]
[EventType "team-swiss"]
[EventRounds "9"]
[EventCountry "POL"]
[SourceTitle "CBM 210 Extra"]
[Source "ChessBase"]
[SourceDate "2022.11.30"]
[SourceVersion "1"]
[SourceVersionDate "2022.11.30"]
[SourceQuality "1"]
[WhiteTeam "Lodz Okucia Budowlane"]
[BlackTeam "Bydgoszcz Wiartrak"]
[WhiteTeamCountry "POL"]
[BlackTeamCountry "POL"]

1. c4 Nf6 2. b3 c6 3. Bb2 d5 4. Nf3 Bf5 5. d3 e6 6. g3 Bc5 7. Bg2 dxc4 8. e4 Bg4 9. d4 Bb4+ 10. Kf1 Nxe4 11. bxc4 Ng5 12. Qb3 Bxf3 13. Qxb4 Qb6 14. Qa3 Qa6 15. Nd2 Qxa3 16. Bxa3 Bxg2+ 17. Kxg2 h6 18. f4 Nh7 19. Ne4 b6 20. f5 Nf6 21. Nd6+ Ke7 22. Rhe1 Na6 23. Rad1 c5 24. Nb7 1/2-1/2

[Event "POL-chT 2nd League"]
[Site "Jastrzebia Gora"]
[Date "2022.09.03"]
[Round "1.103"]
[White "Sopur, Lech"]
[Black "Janeczko, Jakub"]
[Result "1-0"]
[WhiteElo "2411"]
[BlackElo "2159"]
[PlyCount "95"]
[EventDate "2022.09.03"]
[EventType "team-swiss"]
[EventRounds "9"]
[EventCountry "POL"]
[SourceTitle "CBM 210 Extra"]
[Source "ChessBase"]
[SourceDate "2022.11.30"]
[SourceVersion "1"]
[SourceVersionDate "2022.11.30"]
[SourceQuality "1"]
[WhiteTeam "Lodz Okucia Budowlane"]
[BlackTeam "Warszawa Czternastka"]
[WhiteTeamCountry "POL"]
[BlackTeamCountry "POL"]

1. c4 e5 2. g3 g6 3. Bg2 Bg7 4. Nc3 d6 5. Nf3 f5 6. 0-0 Nf6 7. d3 0-0 8. Rb1 Nc6 9. b4 h6 10. b5 Ne7 11. a4 g5 12. a5 Rb8 13. c5 g4 14. cxd6 cxd6 15. Nd2 Qxa5 16. b6 Qxc3 17. Nc4 Ned5 18. Bb2 axb6 19. Bxc3 Nxc3 20. Qb3 Nxe2+ 21. Kh1 Be6 22. Qxb6 Bxc4 23. dxc4 Nc3 24. Qxd6 Nxb1 25. Rxb1 e4 26. Qe6+ Rf7 27. Qxf5 Re8 28. Rd1 Rfe7 29. Qb5 h5 30. Kg1 Bh6 31. Qf5 Kg7 32. Rd6 Rf8 33. Re6 Rxe6 34. Qxe6 Re8 35. Qb6 Re7 36. Qb4 Rd7 37. Qb3 Re7 38. Kf1 Kg6 39. Qb6 Kf7 40. Qb5 Kg7 41. Ke1 Rd7 42. Qf5 Bd2+ 43. Kf1 Re7 44. Ke2 Bh6 45. Kd1 Rd7+ 46. Ke1 Bd2+ 47. Ke2 Bh6 48. Bxe4 1-0

[Event "Lodz Jan Krzysztof Duda Cup"]
[Site "Lodz"]
[Date "2021.11.13"]
[Round "2"]
[White "Sopur, Lech"]
[Black "Bednarski, Dawid"]
[Result "1-0"]
[WhiteElo "2410"]
[BlackElo "2008"]
[PlyCount "127"]
[EventDate "2021.11.13"]
[EventType "swiss (rapid)"]
[EventRounds "9"]
[EventCountry "POL"]
[SourceTitle "CBM 205 Extra"]
[Source "ChessBase"]
[SourceDate "2022.01.31"]
[SourceVersion "1"]
[SourceVersionDate "2022.01.31"]
[SourceQuality "1"]

1. Nf3 Nf6 2. g3 g6 3. b3 Bg7 4. Bb2 d5 5. c4 c6 6. Bg2 0-0 7. 0-0 Re8 8. d3 Nbd7 9. Nbd2 e5 10. cxd5 Nxd5 11. Nc4 Qc7 12. e4 N5b6 13. Ne3 Nc5 14. Rc1 Ne6 15. Qc2 Bd7 16. Rfd1 Rad8 17. Qb1 Nd4 18. Nxd4 exd4 19. Nc2 Bc8 20. Qa1 Qd7 21. a4 Qd6 22. Ba3 Qe5 23. f4 Qh5 24. Bb2 Be6 25. b4 Bb3 26. a5 Na4 27. Qa3 Bxc2 28. Rd2 Nxb2 29. Rdxc2 Nd1 30. a6 Ne3 31. Rf2 b6 32. Bf3 Qb5 33. e5 Nd5 34. Rc4 Ne3 35. Rxc6 Rc8 36. Qc1 Qxa6 37. b5 Qb7 38. Ra2 Rxc6 39. Bxc6 Qc7 40. Qa1 Rd8 41. Rxa7 Qc8 42. Qa2 Rf8 43. Qb2 Qh3 44. Ra1 Nf5 45. Bd5 h5 46. Qe2 Ne3 47. Qf3 h4 48. Rc1 hxg3 49. hxg3 Rc8 50. Bc6 Bf8 51. Ra1 Bb4 52. Ra2 Qg4 53. Qxg4 Nxg4 54. Kg2 Ne3+ 55. Kf3 Kg7 56. Ke4 Bc5 57. Ra7 Rd8 58. e6 Nf5 59. Rxf7+ Kh6 60. Kf3 Ne7 61. g4 Rh8 62. Kg3 Bb4 63. g5+ Kh5 64. Bf3# 1-0

[Event "Lodz Jan Krzysztof Duda Cup"]
[Site "Lodz"]
[Date "2021.11.13"]
[Round "4"]
[White "Sopur, Lech"]
[Black "Cap, Piotr"]
[Result "1-0"]
[WhiteElo "2410"]
[BlackElo "2014"]
[PlyCount "61"]
[EventDate "2021.11.13"]
[EventType "swiss (rapid)"]
[EventRounds "9"]
[EventCountry "POL"]
[SourceTitle "CBM 205 Extra"]
[Source "ChessBase"]
[SourceDate "2022.01.31"]
[SourceVersion "1"]
[SourceVersionDate "2022.01.31"]
[SourceQuality "1"]

1. Nf3 d6 2. d4 Nf6 3. c4 g6 4. Nc3 Bg7 5. Bf4 0-0 6. h3 Na6 7. e3 c5 8. d5 Nc7 9. Be2 a6 10. a4 b6 11. 0-0 Bf5 12. Nd2 h6 13. e4 Bd7 14. e5 dxe5 15. Bxe5 Nce8 16. Bd3 Nd6 17. Re1 Nf5 18. Nf3 Qc8 19. Qb3 Qd8 20. a5 b5 21. cxb5 axb5 22. Bxb5 Bxb5 23. Qxb5 Nxd5 24. Bxg7 Nxg7 25. Qxc5 Nxc3 26. Qxc3 Nf5 27. b4 Rc8 28. Qe5 Rc2 29. Re2 Rxe2 30. Qxe2 Qa8 31. b5 1-0

[Event "Lodz Jan Krzysztof Duda Cup"]
[Site "Lodz"]
[Date "2021.11.13"]
[Round "9"]
[White "Szadkowski, Kamil"]
[Black "Sopur, Lech"]
[Result "0-1"]
[WhiteElo "2338"]
[BlackElo "2410"]
[PlyCount "66"]
[EventDate "2021.11.13"]
[EventType "swiss (rapid)"]
[EventRounds "9"]
[EventCountry "POL"]
[SourceTitle "CBM 205 Extra"]
[Source "ChessBase"]
[SourceDate "2022.01.31"]
[SourceVersion "1"]
[SourceVersionDate "2022.01.31"]
[SourceQuality "1"]

1. e4 c5 2. Nf3 Nc6 3. d4 cxd4 4. Nxd4 g6 5. Nc3 Bg7 6. Be3 Nf6 7. Nxc6 bxc6 8. e5 Nd5 9. Nxd5 cxd5 10. Qxd5 Rb8 11. Bc4 0-0 12. 0-0 Bb7 13. Qd3 Bxe5 14. Bb3 Qc7 15. f4 Bxb2 16. Rad1 Bc6 17. f5 Bb5 18. c4 Bc6 19. Bh6 Bg7 20. Bxg7 Kxg7 21. Qd4+ f6 22. Rde1 Rbe8 23. c5 a5 24. Re3 a4 25. Bc2 e5 26. Qg4 e4 27. fxg6 hxg6 28. Rg3 g5 29. Rf5 Re5 30. Rh3 Rg8 31. Rh5 Rxf5 32. Qxf5 Qf4 33. Bxe4 Qe3+ 0-1

[Event "POL-chT 2nd League"]
[Site "Sypniewo"]
[Date "2021.09.06"]
[Round "3.5"]
[White "Kempinski, Tomasz"]
[Black "Sopur, Lech"]
[Result "1-0"]
[WhiteElo "2161"]
[BlackElo "2413"]
[PlyCount "87"]
[EventDate "2021.09.04"]
[EventType "team-swiss"]
[EventRounds "9"]
[EventCountry "POL"]
[SourceTitle "CBM 204 Extra"]
[Source "ChessBase"]
[SourceDate "2021.11.30"]
[SourceVersion "1"]
[SourceVersionDate "2021.11.30"]
[SourceQuality "1"]
[WhiteTeam "Zakrzewo Korona"]
[BlackTeam "Lodz Okucia Budowlane"]
[WhiteTeamCountry "POL"]
[BlackTeamCountry "POL"]

1. e4 c5 2. Nf3 Nc6 3. Bb5 g6 4. 0-0 Bg7 5. Nc3 Nd4 6. Bc4 a6 7. a4 e6 8. Ne1 Ne7 9. Ne2 d5 10. exd5 exd5 11. Ba2 Bg4 12. f3 Bd7 13. c3 Nxe2+ 14. Qxe2 0-0 15. Nd3 Rc8 16. b3 d4 17. c4 Nc6 18. Ba3 b6 19. Rae1 Qc7 20. g3 Bh6 21. Qd1 Bf5 22. Bb1 Rfe8 23. Bc2 Qd7 24. Rf2 Na5 25. Rfe2 Nxb3 26. Ne5 Rxe5 27. Rxe5 Bxc2 28. Qxc2 Nxd2 29. Kg2 Qc6 30. Qd3 Be3 31. R5xe3 dxe3 32. Rxe3 Qxa4 33. Qxd2 Qxc4 34. Re4 Qb3 35. Bb2 h6 36. Bf6 g5 37. h4 Qb5 38. hxg5 Re8 39. Be7 h5 40. g6 fxg6 41. Re6 Qc4 42. Rxg6+ Kf7 43. Rf6+ Kxe7 44. Qd6# 1-0

[Event "POL-chT 2nd League"]
[Site "Poronin"]
[Date "2020.09.10"]
[Round "6.15"]
[White "Niekras, Dawid"]
[Black "Sopur, Lech"]
[Result "0-1"]
[WhiteElo "2329"]
[BlackElo "2412"]
[PlyCount "92"]
[EventDate "2020.09.05"]
[EventType "team-swiss"]
[EventRounds "9"]
[EventCountry "POL"]
[SourceTitle "CBM 198 Extra"]
[Source "ChessBase"]
[SourceDate "2020.11.30"]
[SourceVersion "1"]
[SourceVersionDate "2020.11.30"]
[SourceQuality "1"]
[WhiteTeam "Lipno Steszew"]
[BlackTeam "Lodz Okucia Budowlane"]
[WhiteTeamCountry "POL"]
[BlackTeamCountry "POL"]

1. e4 e5 2. Nf3 Nc6 3. Bb5 Nf6 4. d4 Nxe4 5. d5 Ne7 6. Nxe5 Nd6 7. Bd3 Ng6 8. f4 Be7 9. 0-0 0-0 10. Nd2 c6 11. Ndf3 cxd5 12. Bxg6 hxg6 13. Qxd5 Ne8 14. Be3 Nc7 15. Qb3 d5 16. Rad1 Qe8 17. Nd4 f6 18. Nef3 Qf7 19. Rfe1 Rd8 20. Qd3 Bd7 21. Nh4 Be8 22. f5 gxf5 23. Nhxf5 Bc5 24. Kh1 Bd7 25. Bf4 Bxd4 26. Ne7+ Kf8 27. Ng6+ Kg8 28. Re7 Ne6 29. Rxf7 Kxf7 30. c3 Bb6 31. Rf1 Nc5 32. Ne5+ Kg8 33. Qg6 Be8 34. Qf5 Bb5 35. Rf3 fxe5 36. Bxe5 Rd7 37. b4 Bd3 38. Qg4 Re7 39. bxc5 Rxe5 40. g3 Be4 41. cxb6 Rf8 42. bxa7 Ree8 43. Kg1 Bxf3 44. Qd4 Re1+ 45. Kf2 Re2+ 46. Kg1 Be4 0-1

[Event "POL-chT 2nd League"]
[Site "Poronin"]
[Date "2020.09.05"]
[Round "1.10"]
[White "Sopur, Lech"]
[Black "Nowicki, Bartosz"]
[Result "1-0"]
[WhiteElo "2412"]
[BlackElo "2339"]
[PlyCount "65"]
[EventDate "2020.09.05"]
[EventType "team-swiss"]
[EventRounds "9"]
[EventCountry "POL"]
[SourceTitle "CBM 198 Extra"]
[Source "ChessBase"]
[SourceDate "2020.11.30"]
[SourceVersion "1"]
[SourceVersionDate "2020.11.30"]
[SourceQuality "1"]
[WhiteTeam "Lodz Okucia Budowlane"]
[BlackTeam "Minsk Mazowiecki MTSz"]
[WhiteTeamCountry "POL"]
[BlackTeamCountry "POL"]

1. d4 f5 2. Bf4 Nf6 3. e3 d6 4. Bd3 g6 5. h4 h6 6. Qf3 Nc6 7. Qg3 Rg8 8. Bc4 e6 9. Nc3 Qe7 10. 0-0-0 Bd7 11. a3 0-0-0 12. Nf3 Be8 13. Rhe1 Bg7 14. Qh2 Rf8 15. Qg1 e5 16. dxe5 dxe5 17. Rxd8+ Kxd8 18. Bg3 Nh5 19. Bh2 e4 20. Nd5 Qc5 21. Bxc7+ Kc8 22. Nd2 Bxb2+ 23. Kxb2 Bf7 24. Qh2 Bxd5 25. Bd6 Qa5 26. Bxf8 Bxc4 27. Qd6 Bd3 28. Qe6+ Kc7 29. Qd6+ Kb6 30. Qc5+ Qxc5 31. Bxc5+ Kxc5 32. cxd3 Ne5 33. d4+ 1-0

[Event "POL-ch rapid"]
[Site "Zgierz"]
[Date "2019.10.06"]
[Round "9"]
[White "Sopur, Lech"]
[Black "Heberla, Bartlomiej"]
[Result "0-1"]
[WhiteElo "2417"]
[BlackElo "2552"]
[PlyCount "142"]
[EventDate "2019.10.06"]
[EventType "swiss (rapid)"]
[EventRounds "11"]
[EventCountry "POL"]
[SourceTitle "EXT 2020"]
[Source "ChessBase"]
[SourceDate "2019.10.17"]
[SourceVersion "1"]
[SourceVersionDate "2019.10.17"]
[SourceQuality "1"]

1. Nf3 Nf6 2. g3 d6 3. d4 Nbd7 4. d5 c6 5. c4 Nb6 6. dxc6 bxc6 7. c5 Nbd5 8. cxd6 Qxd6 9. Bg2 g6 10. 0-0 Bg7 11. Qa4 0-0 12. Rd1 Qc5 13. Qa3 Qb6 14. Nbd2 Ba6 15. Bf1 Nb4 16. Qb3 Rad8 17. a3 Nbd5 18. Qc2 Ng4 19. Ne4 Ndf6 20. Rxd8 Rxd8 21. Nc5 Nd7 22. Nd3 Bxd3 23. exd3 Nc5 24. h3 Nb3 25. Rb1 Ne5 26. Nxe5 Bxe5 27. Be3 Bd4 28. Re1 e5 29. Bg2 Rd6 30. Qc4 a5 31. h4 h5 32. Kh2 Kg7 33. Bxd4 Rxd4 34. Qc3 f6 35. Bxc6 Rd6 36. Be4 Qxf2+ 37. Kh3 Qb6 38. Qc8 Rd8 39. Qc4 Nd4 40. Rc1 Rd7 41. Qc8 Qe6+ 42. Kg2 Qg4 43. Qe8 Qe2+ 44. Kh3 Qg4+ 45. Kg2 Qe2+ 46. Kh3 Qg4+ 47. Kg2 Qe6 48. Rc8 Qxe8 49. Rxe8 f5 50. Ba8 Ra7 51. Bd5 Kf6 52. Rf8+ Kg7 53. Re8 Rc7 54. b4 axb4 55. axb4 Rc2+ 56. Kf1 Kf6 57. Ra8 f4 58. Ra6+ Kf5 59. Be4+ Kg4 60. Rxg6+ Kh3 61. gxf4 exf4 62. Rf6 Kg3 63. Rg6+ Kxh4 64. Rd6 Nb5 65. Rc6 Rb2 66. Rf6 Kg3 67. Rg6+ Kh4 68. Rf6 Kg3 69. Rg6+ Kh3 70. Rf6 Nd4 71. Rxf4 Kg3 0-1

[Event "POL-chT 1st League"]
[Site "Pokrzywna"]
[Date "2018.09.04"]
[Round "4.3"]
[White "Sopur, Lech"]
[Black "Chojnacki, Krzysztof"]
[Result "1-0"]
[WhiteElo "2403"]
[BlackElo "2352"]
[PlyCount "117"]
[EventDate "2018.09.01"]
[EventType "team-tourn"]
[EventRounds "9"]
[EventCountry "POL"]
[SourceTitle "CBM 186 Extra"]
[Source "ChessBase"]
[SourceDate "2018.08.24"]
[SourceVersion "1"]
[SourceVersionDate "2018.08.24"]
[SourceQuality "1"]
[WhiteTeam "Lodz Okucia Budowlane"]
[BlackTeam "Chrobry Gniezno"]
[WhiteTeamCountry "POL"]
[BlackTeamCountry "POL"]

1. e4 e6 2. d4 d5 3. Nd2 Nf6 4. e5 Nfd7 5. Bd3 c5 6. c3 Nc6 7. Ne2 cxd4 8. cxd4 f6 9. exf6 Nxf6 10. 0-0 Bd6 11. Nf3 0-0 12. Bf4 Nh5 13. Bxd6 Qxd6 14. Qd2 Nf4 15. Nxf4 Qxf4 16. Qe3 a6 17. Rfe1 h6 18. Bc2 Qxe3 19. fxe3 Bd7 20. Ba4 b5 21. Bb3 a5 22. Rec1 a4 23. Bd1 Rfc8 24. Rc5 a3 25. bxa3 Rxa3 26. Be2 Nb4 27. Rxc8+ Bxc8 28. Bxb5 Rxa2 29. Rb1 Nc2 30. Bd3 Ba6 31. Rb8+ Kf7 32. Ne5+ Ke7 33. Bxc2 Rxc2 34. Ra8 Bc4 35. Ra7+ Kf8 36. Ra8+ Ke7 37. Ra7+ Kf8 38. Ng6+ Kg8 39. Nf4 g5 40. Nxe6 Re2 41. Ra3 Kf7 42. Nc5 h5 43. h3 Kf6 44. Rc3 Bb5 45. Rb3 Bc4 46. Rb6+ Kf5 47. Re6 Re1+ 48. Kh2 Bf1 49. Re5+ Kf6 50. e4 dxe4 51. Nxe4+ Kg6 52. Re6+ Kg7 53. Nxg5 Rd1 54. Nf3 Bc4 55. Re5 Kh6 56. Kg3 Bf7 57. Ra5 Bg6 58. Ra6 Kg7 59. Kf4 1-0

[Event "POL-chT 1st League"]
[Site "Pokrzywna"]
[Date "2018.09.03"]
[Round "3.3"]
[White "Szwed, Jacek"]
[Black "Sopur, Lech"]
[Result "0-1"]
[WhiteElo "2397"]
[BlackElo "2403"]
[PlyCount "64"]
[EventDate "2018.09.01"]
[EventType "team-tourn"]
[EventRounds "9"]
[EventCountry "POL"]
[SourceTitle "CBM 186 Extra"]
[Source "ChessBase"]
[SourceDate "2018.08.24"]
[SourceVersion "1"]
[SourceVersionDate "2018.08.24"]
[SourceQuality "1"]
[WhiteTeam "Rybnik"]
[BlackTeam "Lodz Okucia Budowlane"]
[WhiteTeamCountry "POL"]
[BlackTeamCountry "POL"]

1. e4 e5 2. Nf3 Nc6 3. Bc4 Bc5 4. c3 Nf6 5. d3 0-0 6. Nbd2 d5 7. Bb3 Be6 8. Ba4 Qd6 9. Qe2 dxe4 10. dxe4 Ne7 11. b4 Bb6 12. Nc4 Bxc4 13. Qxc4 a5 14. b5 Qc5 15. Qxc5 Bxc5 16. Bc2 Nd7 17. Ke2 Nc8 18. Nd2 Nd6 19. a4 Rfd8 20. Nb3 Bb6 21. Rd1 Nf8 22. Rd5 f6 23. Nc5 Kf7 24. Ba3 Ke8 25. Rad1 Bxc5 26. Rxc5 Ne6 27. Rxc7 Nxc7 28. Bxd6 Rd7 29. c4 Ne6 30. c5 Rc8 31. g3 Nxc5 32. Ke3 Ne6 0-1